[Event "Stay Safe Play From Home 372."]
[Site "Emanuel Lasker Arena"]
[Date "2020.08.10"]
[Round "9"]
[White "Erdema"]
[Black "Don59as"]
[Result "1-0"]
[WhiteElo "1642"]
[BlackElo "2027"]
[Annotator "NA"]
[PlyCount "81"]
[EventDate "2020.08.10"]
[EventType "swiss (blitz)"]

1. e4 {[%emt 0:00:02]} e5 {[%emt 0:00:01]} 2. Nf3 {[%emt 0:00:02]} Nc6 {[%emt 0:00:01]} 3. Bc4 {[%emt 0:00:01]} d6 {[%emt 0:00:01]} 4. h3 {[%emt 0:00:02]} Be7 {[%emt 0:00:03]} 5. d4 {[%emt 0:00:02]} exd4 {[%emt 0:00:01]} 6. Nxd4 {[%emt 0:00:01]} Nf6 {[%emt 0:00:01]} 7. Nxc6 {[%emt 0:00:03]} bxc6 {[%emt 0:00:00]} 8. Nc3 {[%emt 0:00:02]} O-O {[%emt 0:00:01]} 9. O-O {[%emt 0:00:02]} Rb8 {[%emt 0:00:00]} 10. Bb3 {[%emt 0:00:02]} c5 {[%emt 0:00:03]} 11. a3 {[%emt 0:00:05]} Be6 {[%emt 0:00:10]} 12. Bxe6 {[%emt 0:00:03]} fxe6 {[%emt 0:00:01]} 13. Re1 {[%emt 0:00:01]} Nd7 {[%emt 0:00:06]} 14. Qg4 {[%emt 0:00:04]} Rf6 {[%emt 0:00:02]} 15. Bf4 {[%emt 0:00:08]} Rg6 {[%emt 0:00:07]} 16. Qf3 {[%emt 0:00:04]} Rxb2 {[%emt 0:00:06]} 17. Qd3 {[%emt 0:00:09]} Bf6 {[%emt 0:00:18]} 18. Rab1 {[%emt 0:00:02]} Rxb1 {[%emt 0:00:07]} 19. Rxb1 {[%emt 0:00:03]} Qf8 {[%emt 0:00:12]} 20. Nb5 {[%emt 0:00:07]} Bd8 {[%emt 0:00:21]} 21. Bg3 {[%emt 0:00:07]} h5 {[%emt 0:00:12]} 22. Nxa7 {[%emt 0:00:04]} h4 {[%emt 0:00:05]} 23. Bh2 {[%emt 0:00:08]} Qf6 {[%emt 0:00:25]} 24. Nc6 {[%emt 0:00:06]} Qg5 {[%emt 0:00:05]} 25. Qf1 {[%emt 0:00:24]} Bf6 {[%emt 0:00:02]} 26. Rb7 {[%emt 0:00:07]} Ne5 {[%emt 0:00:01]} 27. Nxe5 {[%emt 0:00:05]} Bxe5 {[%emt 0:00:00]} 28. Bxe5 {[%emt 0:00:03]} Qxe5 {[%emt 0:00:00]} 29. Rxc7 {[%emt 0:00:03]} Qxe4 {[%emt 0:00:01]} 30. Rc8+ {[%emt 0:00:05]} Kh7 {[%emt 0:00:01]} 31. c4 {[%emt 0:00:03]} Qd4 {[%emt 0:00:07]} 32. Qe2 {[%emt 0:00:07]} d5 {[%emt 0:00:04]} 33. Qh5+ {[%emt 0:00:05]} Rh6 {[%emt 0:00:00]} 34. Qf3 {[%emt 0:00:03]} dxc4 {[%emt 0:00:03]} 35. Qf8 {[%emt 0:00:10]} e5 {[%emt 0:00:06]} 36. Qh8+ {[%emt 0:00:03]} Kg6 {[%emt 0:00:01]} 37. Qe8+ {[%emt 0:00:01]} Kf5 {[%emt 0:00:01]} 38. Rd8 {[%emt 0:00:03]} Qa1+ {[%emt 0:00:02]} 39. Kh2 {[%emt 0:00:02]} Rg6 {[%emt 0:00:02]} 40. Qf7+ {[%emt 0:00:02]} Kg5 {[%emt 0:00:01]} 41. Qxc4 {[%emt 0:00:02] Time Time Time Time Time} 1-0